Proces „Democratic backsliding“ (Demokratického úpadku) v Ruské federaci v období 2012–2021
Fenomén „demokratického spiatočníctva“ sa stáva aktuálnou témou dnešnej doby medzinárodných vzťahov, s nedávnym výskytom v rôznych regiónoch vrátane Európy. Táto práca sa zaoberá oslabením demokracie v Ruskej federácii v rokoch 2012 až 2021. Štúdia si kladie za cieľ zistiť, či boli v Rusku počas dem...
Guardado en:
| Autor principal: | |
|---|---|
| Otros Autores: | , |
| Formato: | Capítulo de libro |
| Lenguaje: | checo |
| Materias: | |
| Etiquetas: |
Sin Etiquetas, Sea el primero en etiquetar este registro!
|
MARC
| LEADER | 00000naa a2200000 4500 | ||
|---|---|---|---|
| 001 | 0303969 | ||
| 005 | 20240905092822.8 | ||
| 041 | 0 | |a cze | |
| 044 | |a SK | ||
| 245 | 1 | 0 | |a Proces „Democratic backsliding“ (Demokratického úpadku) v Ruské federaci v období 2012–2021 |c Martin Solik, Jan Graf, Dalibor Velký |
| 520 | |a Fenomén „demokratického spiatočníctva“ sa stáva aktuálnou témou dnešnej doby medzinárodných vzťahov, s nedávnym výskytom v rôznych regiónoch vrátane Európy. Táto práca sa zaoberá oslabením demokracie v Ruskej federácii v rokoch 2012 až 2021. Štúdia si kladie za cieľ zistiť, či boli v Rusku počas demonštrácie demokratické prvky pre toto obdobie. Na tento účel bol vytvorený teoretický rámec od Ellen Lust a Davida Waldnera popri Merkelovej koncepcii zakotvenej v demokracii. Boli vybrané vhodné ukazovatele tak, aby spoľahlivo odhalili zhoršenie kvality demokratických inštitúcií a procesy v Rusku, konkrétne index Freedom House, index demokracie a Bertelsmannov transformačný index (BTI). Využitím týchto troch indexov štúdia posudzuje, či možno Rusko klasifikovať ako ukotvenú demokraciu alebo defekt demokracie. Zistenia uvedené v záverečnej časti príspevku naznačujú významné erózie demokratických praktík a inštitúcií v Rusku počas sledovaného obdobia. Zhoršenie podčiarkuje posun od už aj tak chybnej demokratickej štruktúry k takej čo čoraz viac pripomína autoritársky režim. Štúdia dospela k záveru, že Rusko nemôže byť za ukotvenú demokraciu; skôr vykazuje početné charakteristiky defektu demokracie, poznamenané oslabenými inštitúciami a zmenšenými politickými slobodami. | ||
| 610 | 2 | 0 | |a demokracia |
| 610 | 2 | 0 | |a štúdie |
| 610 | 2 | 0 | |a Rusko |
| 610 | 2 | 0 | |a vzťahy medzinárodné |
| 610 | 2 | 0 | |a politika |
| 610 | 2 | 0 | |a sloboda |
| 100 | 1 | |a Solik, Martin | |
| 700 | 1 | |a Graf, Jan | |
| 700 | 1 | |a Velký, Dalibor | |